<?xml version="1.0" encoding="UTF-8"?>
<record
    xmlns:xsi="http://www.w3.org/2001/XMLSchema-instance"
    xsi:schemaLocation="http://www.loc.gov/MARC21/slim http://www.loc.gov/standards/marcxml/schema/MARC21slim.xsd"
    xmlns="http://www.loc.gov/MARC21/slim">

  <leader>00666nam a22001817a 4500</leader>
  <controlfield tag="003">OSt</controlfield>
  <controlfield tag="005">20180116183030.0</controlfield>
  <controlfield tag="008">151218b        xxu||||| |||| 00| 0 eng d</controlfield>
  <datafield tag="020" ind1=" " ind2=" ">
    <subfield code="a">03-842-2011-1</subfield>
  </datafield>
  <datafield tag="024" ind1=" " ind2=" ">
    <subfield code="2">03-842-2011-1</subfield>
  </datafield>
  <datafield tag="040" ind1=" " ind2=" ">
    <subfield code="c">Lahore University of Management Sciences </subfield>
  </datafield>
  <datafield tag="082" ind1=" " ind2=" ">
    <subfield code="a">174.4 LUM 2010</subfield>
  </datafield>
  <datafield tag="100" ind1=" " ind2=" ">
    <subfield code="a">Rizwan Amin Sheikh , Khalid A. Khan</subfield>
  </datafield>
  <datafield tag="245" ind1=" " ind2=" ">
    <subfield code="a">SOFTWARE TECHNOLOGY PARK: SELECTING THE CONTRACT TYPE AND CONTRACTOR</subfield>
    <subfield code="c">Rizwan Amin Sheikh , Khalid A. Khan</subfield>
  </datafield>
  <datafield tag="260" ind1=" " ind2=" ">
    <subfield code="a">Lahore LUMS </subfield>
    <subfield code="b"> Lahore University of Management Sciences </subfield>
    <subfield code="c">2010</subfield>
  </datafield>
  <datafield tag="440" ind1=" " ind2=" ">
    <subfield code="a">SOFTWARE TECHNOLOGY PARK: SELECTING THE CONTRACT TYPE AND CONTRACTOR</subfield>
  </datafield>
  <datafield tag="942" ind1=" " ind2=" ">
    <subfield code="2">ddc</subfield>
    <subfield code="c">CS</subfield>
  </datafield>
  <datafield tag="999" ind1=" " ind2=" ">
    <subfield code="c">350984</subfield>
    <subfield code="d">350984</subfield>
  </datafield>
  <datafield tag="952" ind1=" " ind2=" ">
    <subfield code="0">0</subfield>
    <subfield code="1">0</subfield>
    <subfield code="2">ddc</subfield>
    <subfield code="4">0</subfield>
    <subfield code="7">0</subfield>
    <subfield code="8">REF</subfield>
    <subfield code="a">CL</subfield>
    <subfield code="b">CL</subfield>
    <subfield code="c">REF</subfield>
    <subfield code="d">2015-12-18</subfield>
    <subfield code="l">1</subfield>
    <subfield code="o">174.4 LUM 2010</subfield>
    <subfield code="p">NBS9816</subfield>
    <subfield code="r">2016-02-25</subfield>
    <subfield code="s">2016-01-19</subfield>
    <subfield code="w">2015-12-18</subfield>
    <subfield code="y">CS</subfield>
  </datafield>
</record>
